Leyendas, tradiciones y páginas de historia de Guayaquil (Record no. 9876)
[ view plain ]
| 000 -CABECERA | |
|---|---|
| campo de control de longitud fija | 00630nam a2200205 a 4500 |
| 001 - NÚMERO DE CONTROL | |
| campo de control | BRL_1064 |
| 005 - FECHA Y HORA DE LA ÚLTIMA TRANSACCIÓN | |
| campo de control | 20190320211023.0 |
| 008 - DATOS DE LONGITUD FIJA--INFORMACIÓN GENERAL | |
| campo de control de longitud fija | 061113s1930----ec-#######---#000-0#spa-# |
| 041 ## - CÓDIGO DE LENGUA | |
| Código de lengua del texto/banda sonora o título independiente | spa |
| 044 ## - CÓDIGO DEL PAÍS DE LA ENTIDAD EDITORA/PRODUCTORA | |
| Código MARC del país | ec |
| 050 #4 - SIGNATURA TOPOGRÁFICA DE LA BIBLIOTECA DEL CONGRESO | |
| Número de clasificación | F3791.G9 |
| Número de documento/Ítem | .P56 1930 |
| 100 1# - ENTRADA PRINCIPAL--NOMBRE DE PERSONA | |
| Nombre de persona | Pino Roca, J. Gabriel |
| 9 (RLIN) | 25724 |
| 245 10 - MENCIÓN DE TÍTULO | |
| Título | Leyendas, tradiciones y páginas de historia de Guayaquil |
| Mención de responsabilidad, etc. | J. Gabriel Pino Roca. |
| 260 ## - PUBLICACIÓN, DISTRIBUCIÓN, ETC. | |
| Lugar de publicación, distribución, etc. | Guayaquil |
| Nombre del editor, distribuidor, etc. | Jouvin |
| Fecha de publicación, distribución, etc. | 1930 |
| 300 ## - DESCRIPCIÓN FÍSICA | |
| Extensión | 414, ii p. |
| Dimensiones | 20 cm. |
| 500 ## - NOTA GENERAL | |
| Nota general | Donación de Juan Castro y Velázquez |
| 650 14 - PUNTO DE ACCESO ADICIONAL DE MATERIA--TÉRMINO DE MATERIA | |
| Término de materia o nombre geográfico como elemento de entrada | Leyendas |
| Subdivisión geográfica | Guayaquil, Ecuador |
| 9 (RLIN) | 25725 |
| 651 #4 - PUNTO DE ACCESO ADICIONAL DE MATERIA--NOMBRE GEOGRÁFICO | |
| Nombre geográfico | Guayaquil (Ecuador) |
| Subdivisión general | Historia |
| 9 (RLIN) | 25726 |
| 942 ## - ELEMENTOS DE PUNTO DE ACCESO ADICIONAL (KOHA) | |
| Fuente del sistema de clasificación o colocación | Library of Congress Classification |
| Tipo de ítem Koha | Libros |
| Estado de retiro | Estado de pérdida | Estado dañado | No para préstamo | Localización permanente | Ubicación/localización actual | Fecha de adquisición | Total de préstamos | Signatura topográfica completa | Código de barras | Fecha visto por última vez | Precio válido a partir de | Tipo de ítem Koha |
|---|---|---|---|---|---|---|---|---|---|---|---|---|
| El ejemplar forma parte de la colección y puede ser consultado según las políticas vigentes. | Biblioteca Centro de Estudios Ruth D. Lechuga | Biblioteca Centro de Estudios Ruth D. Lechuga | 06/11/2013 | F3791.G9 .P56 1930 | 00013 | 22/03/2019 | 22/03/2019 | Libros |